zpět

Detail výsledku týmu

ZÓNA 59, Brno

Datum a čas kvízu

30.5 Celkem bodů Celkový počet nahraných bodů na tomto kvízu bez doplňovacích otázek.
4. Pořadí na kvízu Konečné umístění týmu na tomto kvízu.

Zaznamenané odpovědi

# Otázka Odpověď Body Výsledky
1. První československý kosmonaut... 0
2. Jednotvárný zvuk od silnice ob... 0
3. Česká televize v loňském roce... 1
4. Ministerstvo dopravy vybralo v... 1
5. Minulý týden se začala prodáva... 1
6. Vzpomeňme v tomto tématu na zř... 0
7. Vyberte pravdivé tvrzení o For... 1
8. Jedno z jeho prvních děl bylo... 1
9. Jakou větu pronesl v Přeletu n... 1
10. Pěknou vzpomínku na Formana na... 1